00475 2200181 4500245007700000020001800077250001100095100002100106700001600127700001600143650001600159005001900175260004200194041001400236084001100250300002300261336000900284 aBlack Showman dan Pembunuhan di Kota Tak BernamacHigashino, KeigohText a9786020657691 aCet. 5 aHigashino, Keigo aMilka Ivana aJuliana Tan aNovel Fiksi a20230220145957 aJakartabGramedia Pustaka Utamac2022 aIndonesia a808.83 a520 hlm. :c20 cm. atext